Полное собрание сочинений. Т. 3: Рассказы, очерки (Запись № 5511967)

Подробности
000 -МАРКЕР
контрольное поле 01166nam2a22002411 4500
001 - ИДЕНТИФИКАТОР ЗАПИСИ
контрольное поле rc\3418603
005 - ИДЕНТИФИКАТОР ВЕРСИИ
контрольное поле 20250610001758.0
021 ## - НОМЕР ГОСУДАРСТВЕННОЙ РЕГИСТРАЦИИ
Код страны Российская Федерация
Номер [69-86098]
035 ## - ДРУГИЕ СИСТЕМНЫЕ НОМЕРА
Идентификатор записи (NLR Aleph) 007581352
100 ## - ДАННЫЕ ОБЩЕЙ ОБРАБОТКИ
Данные общей обработки 20130115d1969 |||y0rusy50 ca
101 0# - ЯЗЫК РЕСУРСА
Язык текста, звукозаписи и т.д. русский
102 ## - СТРАНА ПУБЛИКАЦИИ ИЛИ ПРОИЗВОДСТВА
Страна публикации Российская Федерация
105 ## - ПОЛЕ КОДИРОВАННЫХ ДАННЫХ: ТЕКСТОВЫЕ МАТЕРИАЛЫ, МОНОГРАФИЧЕСКИЕ
Кодированные данные о монографическом текстовом документе c z |||a|
200 1# - ЗАГЛАВИЕ И СВЕДЕНИЯ ОБ ОТВЕТСТВЕННОСТИ
Основное заглавие Рассказы, очерки
Сведения, относящиеся к заглавию 1896-1897
210 ## - ПУБЛИКАЦИЯ, РАСПРОСТРАНЕНИЕ И ДР.
Дата издания, распространения и т.д. 1969
Место издания, распространения и т.д. Б. м.
215 ## - ФИЗИЧЕСКАЯ ХАРАКТЕРИСТИКА
Специфическое обозначение материала и объем 599 с., 1 л. портр.
461 #0 - УРОВЕНЬ НАБОРА
Встроенное поле 001rc\4329853
-- 2001#$aПолное собрание сочинений$eХудож. произведения в 25 т.$eТ. 1-$f[АН СССР. Ин-т мировой литературы им. А.М. Горького]$vТ. 3
-- 700#1$aГорький$bМ.$f1868-1936$gМаксим$3RU\NLR\auth\77104
Системный номер (АБИС) связанной записи 8206466
Автор Горький, М. (1868-1936)
Место публикации Москва
Дата публикации 1968-
Первые сведения об ответственности [АН СССР. Ин-т мировой литературы им. А.М. Горького]
Имя издателя, распространителя и т.д. Наука
Сведения, относящиеся к заглавию Худож. произведения в 25 т. : Т. 1-
Заглавие Полное собрание сочинений
Номер тома Т. 3
801 #0 - ИСТОЧНИК ЗАПИСИ
Страна Российская Федерация
Организация NLR
Правила каталогизации psbo
801 #1 - ИСТОЧНИК ЗАПИСИ
Страна Российская Федерация
Организация ELAR
Источник данных rusmarc
852 ## - МЕСТОНАХОЖДЕНИЕ И ШИФР ХРАНЕНИЯ
Идентификатор организации NLR
Шифр хранения (Call Number) 69-3/1714
942 ## - ДОПОЛНИТЕЛЬНЫЕ ЭЛЕМЕНТЫ ЗАПИСИ (АБИС)
Тип экземпляра АБИС Книга
980 ## - КОЛЛЕКЦИЯ
Название коллекции Национальная библиография
Экземпляры
Тип экземпляра Дата поступления Библиотека постоянного хранения Библиотека текущего хранения Место хранения Шифр хранения Штрих-код Статус экземпляра
Книга 26.10.2013 РНБ (Московский) РНБ (Московский) Русский книжный фонд: издания с 1957 года 69-3/1714 7581352-10